Κατάλογος Βιβλιοθηκών Mediterranean College

Γλώσσα η Ελληνική / Από την Παραδοσιακή στη Σύγχρονη Γλωσσολογία - Από την Ιστορία της Ελληνικής Γλώσσας - Από την Αρχαία στη Νέα Ελληνική Γραμματική (Record no. 5367)

MARC details
000 -LEADER
fixed length control field 01835cam a22001814a 4500
005 - ΗΜΕΡΟΜΗΝΙΑ ΚΑΙ ΩΡΑ ΤΕΛΕΥΤΑΙΑΣ ΕΝΗΜΕΡΩΣΗΣ
Πεδίο ελέγχου 20250605164210.0
008 - FIXED-LENGTH DATA ELEMENTS--GENERAL INFORMATION
Πεδίο ελέγχου σταθερού μήκους 250528s ||||||||||||||||||||||||d
035 ## - SYSTEM CONTROL NUMBER
System control number 20233
040 ## - ΠΗΓΗ ΚΑΤΑΛΟΓΟΓΡΑΦΗΣΗΣ
Φορέας πρωτότυπης καταλογογράφησης MC Athens Campus Library
Γλώσσα καταλογογράφησης Ελληνικά, Μοντέρνα (1453-)
Modifying agency MC Athens Campus Library
Κανόνες περιγραφικής καταλογογράφησης AACR2
245 1# - ΤΙΤΛΟΣ ΚΑΙ ΔΗΛΩΣΗ ΥΠΕΥΘΥΝΟΤΗΤΑΣ
Τίτλος Γλώσσα η Ελληνική / Από την Παραδοσιακή στη Σύγχρονη Γλωσσολογία - Από την Ιστορία της Ελληνικής Γλώσσας - Από την Αρχαία στη Νέα Ελληνική Γραμματική
260 ## - PUBLICATION, DISTRIBUTION, ETC.
Name of publisher, distributor, etc. Θεσσαλονίκη,
Date of publication, distribution, etc. 1990
300 ## - PHYSICAL DESCRIPTION
Extent 216
520 ## - SUMMARY, ETC.
Summary, etc. Σημειώσεις από τις παραδόσεις στην Παιδαγωγική Ακαδημία στη ΣΕΛΔΕ και στη ΣΕΛΜΕ της Λάρισας. Πρόλογος, Στοιχεία Γενικής Γλωσσολογίας, Παραδοσιακή Γλωσσολογία, Ferdinand De Saussure (1857-1913), Σύγχρονες Γλωσσολογικές Σχολές, Αμερικάνικη Δομολογία, Ευρωπαϊκή Δομολογία, Γενετική - Μετασχηματιστική Γραμματική, Γραμματική, Ιστορία της Ελληνικής Γλώσσας, Καταγωγή και Εξέλιξη της Γλώσσας, Η Αρχαία Ελληνική Γλώσσα, Η (Ελληνιστική) Κοινή Γλώσσα (323 π.Χ. -330μ.Χ.), Η Μεσαιωνική Ελληνική Γλώσσα (330-1453), Η Νεοελληνική Γλώσσα (1453-σήμερα), Από την Αρχαία στη Νέα Ελληνική Γραμματική, Στοιχεία Ιστορικής Γραμματικής, Στοιχεία ετυμολογικού, Βιβλιογραφία.
700 1# - ΠΡΟΣΘΕΤΗ ΑΝΑΓΡΑΦΗ--ΦΥΣΙΚΟ ΠΡΟΣΩΠΟ
Personal name Λιαπής Βασίλης
9 (RLIN) 6256
942 ## - ADDED ENTRY ELEMENTS (KOHA)
Koha item type Books
Holdings
Τύπος τεκμηρίου Βιβλιοθήκη Τρέχουσα τοποθεσία Barcode Αριθμός εισαγωγής Ημερομηνία απόκτησης Ταξιθετικό σύμβολο Αριθμός αντιτύπου Κατάσταση απόσυρσης Κατάσταση χαμένου Κατάσταση κατεστραμμένου Μη δανεισμός Σύνολο δανεισμών Ημερομηνία τελευταίας εμφάνισης Η τιμή ισχύει από
Books MC Athens Campus Library MC Athens Campus Library 9780000053664 6517 05/06/2025 480.9 LIA 1           05/06/2025 05/06/2025

MC Athens Campus Library
Πατησίων 94 & Κοδριγκτώνος 13, 104 34
Πελλήνης 8 & Πατησίων 107, 112 51
Τ: +30 210 8899600

MC Thessaloniki Campus Library
Ίωνος Δραγούμη 21, 54625 | Ίωνος Δραγούμη 15, 54625
Τ: +30 2310 287779 – Τ: +30 2314 440300